000
00340cam a2200157ua 4500
001
210
008
120704n II |||gr||||Z||||||eng
040
_a
MAIN
041
_a
English
082
_a
331.54 UCH
100
_a
UCHROTRA.
245
_a
LABOUR PROBLEMS IN INDIA
300
_c
20CM.
653
_a
Labour Economics of India
942
_c
BK
999
_c
210
_d
210